اهمية الاديان للسلم والامان / (Record no. 4480)

MARC details
000 -LEADER
fixed length control field 00686nam a2200193 ar4500
001 - CONTROL NUMBER
control field 4482
005 - DATE AND TIME OF LATEST TRANSACTION
control field 20221127090952.0
008 - FIXED-LENGTH DATA ELEMENTS--GENERAL INFORMATION
fixed length control field 160330s su 00110|ara d
020 ## - INTERNATIONAL STANDARD BOOK NUMBER
International Standard Book Number 9786039061502
082 04 - DEWEY DECIMAL CLASSIFICATION NUMBER
Classification number 291
Item number ع805
100 1# - MAIN ENTRY--PERSONAL NAME
Personal name العليان، حليمة.
245 10 - TITLE STATEMENT
Title اهمية الاديان للسلم والامان /
Statement of responsibility, etc. تاليف حليمة العليان ؛ اشراف شوكت العليان.
250 ## - EDITION STATEMENT
Edition statement ط. 1.
260 ## - PUBLICATION, DISTRIBUTION, ETC.
Place of publication, distribution, etc. الرياض :
Name of publisher, distributor, etc. دار العليان،
Date of publication, distribution, etc. 2015.
300 ## - PHYSICAL DESCRIPTION
Extent 249 ص. ؛
Dimensions 19 سم.
504 ## - BIBLIOGRAPHY, ETC. NOTE
Bibliography, etc. note يتضمن ارجاعات ببليوجرافية وكشاف.
650 #4 - SUBJECT ADDED ENTRY--TOPICAL TERM
Topical term or geographic name entry element الديانات المقارنة.
650 #4 - SUBJECT ADDED ENTRY--TOPICAL TERM
Topical term or geographic name entry element الديانات.
Holdings
Withdrawn status Lost status Source of classification or shelving scheme Damaged status Not for loan Home library Current library Date acquired Total Checkouts Full call number Barcode Date last seen Copy number Price effective from Koha item type
              11/27/2022   291 غ805 1000000017260 11/27/2022 C2 11/27/2022 Book
          CENTRAL CENTRAL 11/27/2022   291 غ805 1000000014286 11/27/2022 C1 11/27/2022 Book